O mistério pascal e a experiência de ser pai e de ser mãe /

Guardado en:
Detalles Bibliográficos
Autor principal: Barros de Almeida, Dalton (autor)
Formato: Libro
Idioma:Portugués
Publicado: Juiz de Fora, Brasil : editorial no identificada, fecha no identificada
Etiquetas: Agrega una etiqueta
Sin etiquetas, Sé el primero en etiquetar este registro!

MARC

LEADER 00000nam^a2200000^a^4500
001 000447073
005 20250521000000.0
009 20260526145259.283
037 |a Acervo Xavier Clavigero 
041 |a POR 
091 |a FCA. 01765 
100 |a Barros de Almeida, Dalton  |e (autor) 
245 1 0 |a O mistério pascal e a experiência de ser pai e de ser mãe / 
264 1 |a Juiz de Fora, Brasil :  |b editorial no identificada,  |c fecha no identificada 
300 |a 65 p. 
336 |a texto  |b txt  |2 rdacontenido 
337 |a sin mediación  |b n  |2 rdamedio 
338 |a volumen  |b nc  |2 rdasoporte 
649 |a XX 
910 |a Fondo Xavier Cacho Vázquez S.J. 
920 |a Impresos - Libros 
930 |a Fondos Especiales 
905 |a 131 
901 |a 0500377621  |b IT2  |c ESP  |i D  |u 20250521 
902 |a https://opac.biblio.iteso.mx/vufind/Record/000447073